| 000 | 00525nam a22001457a 4500 | ||
|---|---|---|---|
| 008 | 160322b xxu||||| |||| 00| 0 eng d | ||
| 050 | _aPG3266.S213 1987 | ||
| 100 |
_a Alexandrov, Vladimir (ed.) _923282 |
||
| 245 |
_aOn whose side are you, masters of culture? _c/ edited by Vladimir Alexandrov |
||
| 260 |
_aMoscow _bProgress Publishers _c1987 |
||
| 300 |
_a309p. ; _c20cm. |
||
| 650 |
_aRussian essays _xTranslations into English _y20th century _923265 |
||
| 650 |
_aIdeology and literature _923266 |
||
| 942 |
_2lcc _cMONOGRAPH |
||
| 999 |
_c124457 _d124457 |
||